000
00246nam a22001097a 4500
082
_a
621.3848 LAA
100
_a
PDF
_9
56879
245
_a
TANT CALTALOG GENERATOR SET LAADS RADAR
260
_a
RAWALPINDI
_b
PDF
_c
2008
300
_a
PDF
942
_c
BK
999
_c
572980
_d
572980